000 01091nam a2200325Ia 4500
001 Para_5770
003 CHAP
008 220125s1977 xx 000 0 und d
010 _a204265
040 _cCHAP
090 _aPA TESIS 99
100 _aEquihua Posas, Ernesto Alonso
_937255
245 _aControl químico del nemátodo Nacobbus sp. Thorne y Allen, en cultivo de chile /
_c por Ernesto Alonso Equihua Posas
260 _aChapingo, Méx. :
_b el autor
300 _a54 h.
502 _aTesis (Ing. Agr. Esp. en Parasitología Agrícola) ENA. Departamento Parasitología Agrícola
650 _aChile (botánica)
_x enfermedades por nemátodos
_922355
650 _aJicamilla del chile
_961431
650 _aNaccobus
_9170141
650 _aNematicidas
_980808
650 _aNemátodos parásitos de plantas
710 _aENA. Departamento Parasitología Agrícola
_9164684
901 _aPA TESIS 99
902 _aA
905 _a0000001977 0000000000 00
910 _a1977
942 _cPARA
942 _cPARA
_d1
999 _c204265
_d204265